Το βιβλίο του παιδιού
Αποθηκεύτηκε σε:
| Κύριος συγγραφέας: | |
|---|---|
| Άλλοι συγγραφείς: | |
| Μορφή: | Βιβλίο |
| Γλώσσα: | Greek |
| Δημοσίευση: |
[Αθήνα] :
Α. Τερζόπουλος,
1984
|
| Θέματα: | |
| Ετικέτες: |
Προσθήκη ετικέτας
Δεν υπάρχουν, Καταχωρήστε ετικέτα πρώτοι!
|
MARC
| LEADER | 00000nam a2200000 i 4500 | ||
|---|---|---|---|
| 001 | 1/74595 | ||
| 008 | 960726s1984 gre d | ||
| 035 | |a 1986 |c Αγορά |l 10031867 | ||
| 040 | |a GR-MY-UA |b gre |e aacr | ||
| 041 | 0 | |a gre | |
| 082 | 0 | |a 649.1 | |
| 100 | 1 | |a Kiester, Edwin. | |
| 245 | 1 | 3 | |a Το βιβλίο του παιδιού / |c Edwin Kiester, Sally Valente Kiester |
| 260 | |a [Αθήνα] : |b Α. Τερζόπουλος, |c 1984 | ||
| 300 | |a 287 σ. | ||
| 650 | 0 | 0 | |a Infants |x Care. |
| 650 | 0 | 0 | |a Children |x Growth. |
| 650 | 0 | 0 | |a Child care. |
| 700 | 1 | |a Kiester, Sally Valente. | |
| 852 | |a INST |b RHODES |e 19960726 |h 649.1 KIE |p 005400000743 |q 005400000743 |t BK |y 0 | ||
| 909 | |a Ρ |b 003473 |c 1986 | ||